00670naa a2200157 i 4500001000700000003000900007005001700016008004100033040001300074100002400087245006600111300001500177610003200192651005500224773023300279190389ES-MaACL20250704062551.0210121s1996 sp 100 0 spa d cES-MaACL1 aMallo, Tomáseaut13aEl Ateneo de Madrid ante el 98 / cTomás Mallo Gutiérrez. aP. 529-53624aAteneo de Madrid-vHistoria 0aEspaña-xHistoria-y1898-vCongresos y asambleas0 013387w13387tLa nación soñada: Cuba, Puerto Rico y Filipinas ante el 98 : actas del congreso internacional celebrado en Aranjuez del 2 al 28 de abril de 1995, dAranjuez : Doce Calles, [1996], zISBN 8487111874,gp. 529-536